Statistics for Video Games That Start With P

Click here to take the quiz!

General Stats

  • This quiz has been taken 18 times
  • The average score is 10 of 16

Answer Stats

HintAnswer% Correct
As some weird yellow circle thing, your job is to eat dots and avoid touching ghosts.Pac-Man
100%
Woman is challenged and taunted by an artificial intelligence who "promises" to give her cake if she completes puzzles with a portal gun.Portal
94%
Small but tough boxer fights his way up through the ranks before finally going up against the legendary Mike Tyson.Punch-Out!!
88%
Rookie defense attorney defends his clients by constantly shouting "Objection!"Phoenix Wright: Ace Attorney
69%
Homeowners use a variety of flora to prevent an army of zombies from entering their homes.Plants vs. Zombies
69%
Choose from a variety of famous characters from PlayStation exclusive titles in this all star fighting game!PlayStation All-Stars Battle Royale
69%
Take pictures of Pokémon, using items such as apples to achieve better shots.Pokémon Snap!
69%
It's just another sports game franchise that gets a new release every year. Nothing changes. The sport is soccer, if that helps.Pro Evolution Soccer
69%
Two-dimensional plumber must save seven imprisoned "Star Spirits."Paper Mario
63%
Spaceship pilot crash lands on a mysterious planet and befriends colorful creatures that help him find and repair his ship.Pikmin
63%
Unnamed hero must venture through a series of dungeons to defeat the Grand Vizier Jaffar and save an imprisoned princess.Prince of Persia
56%
Earn your pilot license through lessons in light plane flight, hang gliding, and skydiving.Pilotwings
44%
Use a variety of firearms to complete objectives (which usually involve stealing money.)Payday: The Heist
31%
Shoot a limited supply of balls at a field of colored pegs to clear out specifically marked pegs.Peggle
31%
Schizophrenic man believes the US Air Force is releasing a poison gas on his town, so he massacres the entire USAF.Postal
25%
Secret agent attempts to stop a conspiracy by her employer's rival corporation during an intergalactic war.Perfect Dark
13%

Score Distribution

Percentile by Number Answered

Percent of People with Each Score

Your Score History

You have not taken this quiz